L'eccezione di dolo generale: diritto romano e tradizione romanistica

Saved in:
Bibliographic Details
Main Author: Garofalo, Luigi (autor)
Format: Book
Language:Spanish
Published: Padua Cedam 2006
Edition:1a. ed
Series:L'Arte del Diritto, 5
Subjects:
Tags: Add Tag
No Tags, Be the first to tag this record!

MARC

LEADER 00000nam a2200000 a 4500
001 UCJ9058
003 CL-VaPUC
008 070302e20060000IT |||||||||||||||||spa|d
020 |a 8813264674 
082 0 4 |a 340.54  |b GAR  |2 21 
100 |a Garofalo, Luigi  |e autor  |9 620502 
245 1 2 |a L'eccezione di dolo generale: diritto romano e tradizione romanistica 
250 |a 1a. ed 
300 |a 566 p 
942 |c BK 
945 |d 20070302 00:00:00  |a cmena 
260 |a Padua  |b Cedam  |c 2006 
650 0 |a Derecho romano  |9 255930 
650 7 |a DOLO  |2 CL-VaPUC  |9 518966 
650 0 |a Responsabilidad contractual  |9 256720 
650 0 |a Jurisprudencia  |9 255952 
650 0 |a Contratos  |9 255153 
650 0 |a Delitos  |9 224143 
583 |a last modification  |c 20070302 00:00:00  |k Rodrigo Vera 
490 0 |a L'Arte del Diritto, 5 
999 |c 324697  |d 324695 
952 |0 0  |1 0  |4 0  |6 340_540000000000000_GAR_2006  |7 0  |8 DER_ROM  |9 405013  |a BIBDER  |b BIBDER  |d 2019-11-22  |i 4315707  |o 340.54 GAR 2006  |p 4315707  |r 2023-01-25  |w 2019-11-22  |x Ubicación 4to piso  |y BK  |z Este recurso debe solicitarse con anticipación  |k DER